Statistiques concernant Abréviation des états d'Amérique

Cliquez ici pour prendre le quiz!

Statistiques générales

  • Ce quiz a été pris 63 fois
  • Le résultat moyen est 11 sur 15

Statistiques - réponses

Hint Answer % Correct
ALAlabama
95%
UTUtah
93%
CACalifornie
91%
IDIdaho
87%
AZArizona
85%
COColorado
85%
NVNevada
82%
MNMinnesota
73%
NENebraska
69%
MTMontana
67%
AKAlaska
60%
PAPennsylvanie
56%
LALouisiane
55%
SCCaroline du Sud
49%
WVVirginie occidentale
44%

Distribution des résultats

Percentile par nombre de réponses

% des personnes avec chaque résultat

Votre développement - résultats

Vous n’avez pas pris ce quiz